| 000 | 01496nam a22002657a 4500 | ||
|---|---|---|---|
| 005 | 20081117123210.0 | ||
| 008 | 081117t xxu||||| |||| 00| 0 hin d | ||
| 010 | _aHIN-84945 | ||
| 020 |
_c495.00 _a9788190541527 |
||
| 035 | _aHN-57291 | ||
| 037 | _bDBAD / VEN | ||
| 040 |
_aDPL _bHN |
||
| 082 | _a370.711 | ||
| 100 | _aसंतोष कुमार | ||
| 245 |
_aअध्यापक शिक्षण / _cसंतोष कुमार महर्षि |
||
| 246 |
_aAdhyapak shikshan _bby Santosh Kumar Mahirshi |
||
| 260 |
_aनई दिल्ली _bनेहा पब्लिशर्स एंड डिस्ट्री _c2007 |
||
| 270 |
_a4832/24, प्रहृलाद गली, एस 204, अंसारी रोड, दरियागंज _bनई दिल्ली _e110002 _k011 65763093, मो. 9313574531 |
||
| 300 |
_a240पृ _c22सेमी (सजिल्द) |
||
| 650 |
_aअध्यापक _xप्रशिक्षण |
||
| 650 |
_a Teachers _xTraining of |
||
| 942 |
_2ddc _cHN _mसंतोष _h370.711 |
||
| 999 |
_c18501 _d18501 |
||